| 000 | 00427nam a2200181Ia 4500 | ||
|---|---|---|---|
| 008 | 160803s9999 xx 000 0 und d | ||
| 020 | _a978-0545227704 | ||
| 100 | _aFunke, Cornelia | ||
| 245 | 4 | _aThe thief lord / | |
| 245 | _cCornelia Funke. | ||
| 260 | _aNew York : | ||
| 260 | _bScholastic Inc. | ||
| 260 | _c2003 | ||
| 300 | _a349 pages : | ||
| 300 | _billustrations, map ; | ||
| 300 | _c20cm. | ||
| 700 | _a640 | ||
| 999 |
_c298295 _d298295 |
||